[Event "37th Andorra Open 2019"]
[Site "Caldea"]
[Date "2019.08.01"]
[Round "6.7"]
[White "Kirk, Ezra"]
[Black "Admiraal, Miguoel"]
[Result "1-0"]
[WhiteElo "2420"]
[BlackElo "2504"]
[Annotator "ChessBase"]
[PlyCount "47"]
[EventDate "2018.07.21"]
[EventType "swiss"]
[EventCountry "AND"]
[SourceTitle "playchess.com"]
[Source "ChessBase"]
[SourceQuality "1"]
[TimeControl "40/5400+30:1800+30"]

1. e4 {[%emt 0:00:02]} c6 {[%emt 0:00:00]} 2. Nc3 {[%emt 0:00:13]} d5 {[%emt 0:00:17]} 3. Nf3 {[%emt 0:00:05]} h6 {[%emt 0:02:11]} 4. d4 {[%emt 0:06:44]} dxe4 {[%emt 0:00:06]} 5. Nxe4 {[%emt 0:00:05]} Bf5 {[%emt 0:00:05]} 6. Bd3 {[%emt 0:00:39]} e6 {[%emt 0:00:31]} 7. Bf4 {[%emt 0:10:36]} Be7 {[%emt 0:35:27]} 8. Qe2 {[%emt 0:05:42]} Nf6 {[%emt 0:03:13]} 9. Nxf6+ {[%emt 0:07:31]} Bxf6 {[%emt 0:00:51]} 10. O-O-O {[%emt 0:00:28]} O-O {[%emt 0:07:59]} 11. g4 {[%emt 0:15:52]} Bxd3 {[%emt 0:12:09]} 12. Rxd3 {[%emt 0:01:35]} Qd5 {[%emt 0:02:43]} 13. Kb1 {[%emt 0:17:22]} Nd7 {[%emt 0:03:30]} 14. Rg1 {[%emt 0:01:42]} Be7 {[%emt 0:02:10]} 15. g5 {[%emt 0:04:24]} Qf5 {[%emt 0:13:09]} 16. Bc1 {[%emt 0:07:23]} Rfd8 {[%emt 0:00:54]} 17. gxh6 {[%emt 0:02:03]} g6 {[%emt 0:00:10]} 18. Ng5 {[%emt 0:01:59]} Nf6 {[%emt 0:07:46]} 19. h4 {[%emt 0:04:00]} Rf8 {[%emt 0:03:53]} 20. Rf3 {[%emt 0:04:39]} Qd5 {[%emt 0:00:12]} 21. h5 {[%emt 0:00:27]} Nxh5 {[%emt 0:02:41]} 22. Nxf7 {[%emt 0:00:14]} Kh7 {[%emt 0:00:30]} 23. Qd3 {[%emt 0:00:46]} Rg8 {[%emt 0:00:27]} 24. Ne5 {[%emt 0:00:40]} 1-0

[Event "37th Andorra Open 2019"]
[Site "Caldea"]
[Date "2019.08.01"]
[Round "6.8"]
[White "Ruiz Castillo, Joshua Daniel"]
[Black "Suarez Uriel, Adrian"]
[Result "1-0"]
[WhiteElo "2501"]
[BlackElo "2392"]
[Annotator "TA"]
[PlyCount "191"]
[EventDate "2018.07.21"]
[EventType "swiss"]
[EventCountry "AND"]
[SourceTitle "playchess.com"]
[Source "ChessBase"]
[SourceQuality "1"]

{[%evp 10,191,40,32,33,26,35,34,25,29,23,0,0,0,43,28,34,30,37,37,33,31,21,24,31,29,36,27,62,-4,74,-17,-18,-25,0,-44,-47,-67,-65,-60,-58,-50,-51,-47,-69,-72,-81,-87,-76,-108,-78,-79,0,-85,-97,-91,-22,-41,-32,-47,-14,-29,0,0,0,0,35,31,88,95,87,87,99,88,226,64,66,58,58,58,58,58,59,61,58,0,0,0,58,58,58,58,60,66,79,80,143,122,239,239,239,46,44,35,35,34,51,57,148,72,72,72,71,71,72,72,62,16,16,16,16,16,16,16,16,16,39,39,39,39,39,39,39,39,39,8,16,8,34,8,8,8,39,0,46,46,46,46,46,46,46,46,46,46,58,58,58,58,58,58,72,72,5115,46,46,46,47,47,54,55,12844,12841,12540,11395,11020,12457,29970,29970,29964,29944,29981,29982,29989,29984]} 1. e4 d6 2. d4 Nf6 3. Nc3 e5 4. Nf3 Nbd7 5. Bc4 Be7 6. O-O exd4 {C41: Philidor Defence} 7. Qxd4 Nb6 8. Bb3 O-O {White is slightly better.} 9. h3 Nfd7 10. a4 a5 11. Be3 Re8 $146 ({Predecessor:} 11... Nc5 12. Qd2 Bf6 13. Bd4 Bxd4 14. Nxd4 {1-0 (41) Andreikin,D (2737)-Jovanovic,Z (2534) Tallinn 2016}) 12. Rad1 Nc5 13. Ba2 $36 {[%mdl 2048] White has good play.} Be6 14. Bxe6 Nxe6 15. Qd3 c6 16. b3 Qc7 17. Nd4 Nc5 18. Qd2 Bf8 19. Nf5 (19. f3 $14) 19... Rad8 (19... Nxe4 $11 20. Nxe4 Rxe4) 20. Bxc5 (20. Rfe1 $1 $16) 20... dxc5 $11 21. Qg5 Kh8 (21... f6 {keeps more tension.} 22. Qe3 Nd5 23. Nxd5 cxd5 24. Qf3 d4) 22. f4 f6 23. Qg3 Rxd1 24. Rxd1 c4 25. Qf3 cxb3 26. cxb3 Nd7 27. Kh1 Nc5 28. Nd4 Qf7 29. Rb1 Rd8 30. Qe3 Re8 (30... g6 $17) 31. e5 (31. Qf3 $1 $11 {remains equal.}) 31... fxe5 $17 32. fxe5 Ne6 (32... h6 $17) 33. Nf3 $1 $11 Bc5 34. Qe4 Rf8 (34... Bb4 $5 {[%cal Rb4c3]} 35. Na2 Be7 $15) 35. Rd1 Rd8 36. Rxd8+ Nxd8 37. Qd3 Be7 38. Qd7 h6 (38... g6 $14) 39. Ne4 $16 Kh7 40. Qc7 b5 41. Nd6 Qe6 (41... Qf8 $16 {keeps fighting.}) 42. axb5 $2 (42. Nc8 $1 $18 {[%cal Rc8e7]} Bc5 43. Qxd8 Qxb3 44. Qxa5) 42... cxb5 $14 43. Nxb5 {Threatens to win with Nbd4.} Nc6 44. Nbd4 Nxd4 45. Nxd4 Qd5 46. Qc2+ Kg8 47. Qc8+ ({White should try} 47. Nf3 $1 $14) 47... Kh7 $11 48. Qc2+ ({Better is} 48. Qf5+ $11 g6 49. Qe6 Qxe6 50. Nxe6) 48... Kg8 $1 $14 49. Nf3 $1 Bc5 50. Kh2 Be7 51. Kg3 Qe6 52. Qd3 Kf7 (52... Kh8 $142) 53. Qb5 $16 Bb4 (53... Qg6+ $16 54. Kh2 Bb4) 54. Nd4 $18 Qg6+ 55. Kh2 $2 ({White must play} 55. Kf2 $1 $18) 55... Qe4 $14 56. Qc4+ Kg6 57. Qc6+ Qxc6 58. Nxc6 {[%mdl 4096] Endgame KB-KN} Bc3 ({Black should play} 58... Kf5 $14) 59. Kg3 (59. e6 $142) 59... Kf5 $16 60. Kf3 Bxe5 61. Nxa5 h5 62. Nc6 Bd6 63. b4 g5 64. g4+ hxg4+ 65. hxg4+ Ke6 66. Ke4 $1 Bf4 67. Nd4+ Kd6 68. Nf3 Kc6 69. Kd4 Bc1 70. Kc4 Be3 71. Nd4+ Kb6 72. b5 Bf2 73. Nc6 Kc7 74. Kd5 Kb6 75. Nd4 Be3 76. Kc4 (76. Nf5 $5 {[%cal Rf5e3]} Bg1 77. Kc4 $16) 76... Bf2 77. Nf3 Be3 78. Ne5 Bf2 79. Nd7+ Kc7 80. Nc5 {Black must now prevent Ne6+.} Be3 81. Ne4 Kd7 82. Kd5 Kc7 83. Nd6 Bf2 84. Nc4 Kb7 85. Ke4 Bc5 $2 {[%mdl 8192] [#]} (85... Be1 $16) 86. Kd3 $2 (86. Kf5 $1 $18 {[%cal Rf5g5]} Be7 87. Ke6) 86... Bf2 87. Kc3 Kc7 88. Kb4 {And now Ka5 would win.} Be1+ 89. Ka4 Kd7 $2 {[%mdl 8192] [#]} (89... Bc3 $14) 90. Ne5+ $1 $18 Kc7 91. Nf3 $1 {[%csl LRe1,LRg5]} Bh4 92. Kb4 Kb6 93. Kc4 {White mates.} Kc7 94. Kd5 Kb6 95. Nxh4 Kc7 96. Ke4 {Accuracy: White = 61%, Black = 48%.} 1-0

[Event "37th Andorra Open 2019"]
[Site "Caldea"]
[Date "2019.08.02"]
[Round "7.1"]
[White "Kogan, Arthur"]
[Black "Lagarde, Maxime"]
[Result "1/2-1/2"]
[WhiteElo "2535"]
[BlackElo "2597"]
[Annotator "ChessBase"]
[PlyCount "64"]
[EventDate "2018.07.21"]
[EventType "swiss"]
[EventCountry "AND"]
[SourceTitle "playchess.com"]
[Source "ChessBase"]
[SourceQuality "1"]
[TimeControl "40/5400+30:1800+30"]

1. e4 {[%emt 0:00:00]} c5 {[%emt 0:00:08]} 2. Nc3 {[%emt 0:00:00]} Nc6 {[%emt 0:00:06]} 3. Nge2 {[%emt 0:00:33]} d6 {[%emt 0:00:54]} 4. d4 {[%emt 0:00:34]} cxd4 {[%emt 0:00:04]} 5. Nxd4 {[%emt 0:00:03]} Nf6 {[%emt 0:00:29]} 6. Bc4 {[%emt 0:01:25]} Bd7 {[%emt 0:02:02]} 7. O-O {[%emt 0:03:21]} e6 {[%emt 0:04:45]} 8. Be3 {[%emt 0:03:00]} Be7 {[%emt 0:00:34]} 9. Bb3 {[%emt 0:00:29]} O-O {[%emt 0:01:16]} 10. f4 {[%emt 0:00:30]} Nxd4 {[%emt 0:00:16]} 11. Bxd4 {[%emt 0:00:18]} Bc6 {[%emt 0:00:03]} 12. Qe2 {[%emt 0:01:19]} b5 {[%emt 0:02:26]} 13. Nxb5 {[%emt 0:00:49]} Bxe4 {[%emt 0:13:49]} 14. Nxa7 {[%emt 0:07:37]} Qb8 {[%emt 0:15:03]} 15. Nb5 {[%emt 0:00:44]} e5 {[%emt 0:06:22]} 16. Be3 {[%emt 0:09:43]} Qb7 {[%emt 0:09:51]} 17. c4 {[%emt 0:10:48]} Bc6 {[%emt 0:07:45]} 18. Nc3 {[%emt 0:05:00]} Nd7 {[%emt 0:03:27]} 19. Rad1 {[%emt 0:03:28]} Rae8 {[%emt 0:01:18]} 20. f5 {[%emt 0:09:15]} Nf6 {[%emt 0:03:00]} 21. Ba4 {[%emt 0:08:13]} Bxa4 {[%emt 0:03:07]} 22. Nxa4 {[%emt 0:00:44]} d5 {[%emt 0:03:53]} 23. cxd5 {[%emt 0:00:37]} Nxd5 {[%emt 0:01:10]} 24. Qf3 {[%emt 0:03:30]} Qa8 {[%emt 0:01:19]} 25. Rxd5 {[%emt 0:11:33]} Qxa4 {[%emt 0:00:07]} 26. Rxe5 {[%emt 0:01:53]} Bf6 {[%emt 0:01:40]} 27. Rxe8 {[%emt 0:02:24]} Rxe8 {[%emt 0:00:03]} 28. Bf2 {[%emt 0:06:08]} Qxa2 {[%emt 0:04:33]} 29. Qc6 {[%emt 0:00:23]} Rd8 {[%emt 0:02:36]} 30. Re1 {[%emt 0:04:44]} h6 {[%emt 0:00:29]} 31. h3 {[%emt 0:01:26]} Kh7 {[%emt 0:02:18]} 32. Qc2 {[%emt 0:00:35]} Qxb2 {[%emt 0:00:46]} 1/2-1/2

[Event "37th Andorra Open 2019"]
[Site "Caldea"]
[Date "2019.08.02"]
[Round "7.2"]
[White "Kirk, Ezra"]
[Black "Ruiz Castillo, Joshua Daniel"]
[Result "0-1"]
[WhiteElo "2420"]
[BlackElo "2501"]
[Annotator "ChessBase"]
[PlyCount "78"]
[EventDate "2018.07.21"]
[EventType "swiss"]
[EventCountry "AND"]
[SourceTitle "playchess.com"]
[Source "ChessBase"]
[SourceQuality "1"]
[TimeControl "40/5400+30:1800+30"]

1. e4 {[%emt 0:00:11]} e6 {[%emt 0:07:10]} 2. d4 {[%emt 0:00:09]} d5 {[%emt 0:00:03]} 3. exd5 {[%emt 0:00:05]} exd5 {[%emt 0:00:04]} 4. Nf3 {[%emt 0:00:08]} Nc6 {[%emt 0:00:25]} 5. Bd3 {[%emt 0:12:22]} Bd6 {[%emt 0:00:10]} 6. O-O {[%emt 0:00:38]} Nge7 {[%emt 0:00:05]} 7. Na3 {[%emt 0:13:33]} O-O {[%emt 0:07:38]} 8. Nb5 {[%emt 0:07:47]} Bf5 {[%emt 0:01:49]} 9. Nxd6 {[%emt 0:01:06]} Qxd6 {[%emt 0:00:09]} 10. Bxf5 {[%emt 0:00:16]} Nxf5 {[%emt 0:00:04]} 11. Qd3 {[%emt 0:00:48]} Qd7 {[%emt 0:13:58]} 12. Bf4 {[%emt 0:05:32]} f6 {[%emt 0:00:06]} 13. Bxc7 {[%emt 0:09:38]} Rac8 {[%emt 0:00:48]} 14. Bf4 {[%emt 0:13:48]} Nb4 {[%emt 0:00:04]} 15. Qd2 {[%emt 0:01:49]} Nxc2 {[%emt 0:00:05]} 16. Rac1 {[%emt 0:02:45]} Qa4 {[%emt 0:00:07]} 17. Rfd1 {[%emt 0:10:52]} g5 {[%emt 0:18:23]} 18. g4 {[%emt 0:05:13]} Ncxd4 {[%emt 0:00:39]} 19. Qd3 {[%emt 0:03:55]} Ne2+ {[%emt 0:03:42]} 20. Qxe2 {[%emt 0:00:52]} Qxf4 {[%emt 0:00:03]} 21. Rxc8 {[%emt 0:03:50]} Qxg4+ {[%emt 0:00:03]} 22. Kf1 {[%emt 0:00:42]} Rxc8 {[%emt 0:00:07]} 23. Qe6+ {[%emt 0:00:11]} Kg7 {[%emt 0:00:06]} 24. Qxd5 {[%emt 0:00:55]} Rc7 {[%emt 0:01:11]} 25. b3 {[%emt 0:01:54]} Ne7 {[%emt 0:03:46]} 26. Qd3 {[%emt 0:01:03]} Qh3+ {[%emt 0:00:04]} 27. Kg1 {[%emt 0:00:23]} Ng6 {[%emt 0:00:08]} 28. Qd6 {[%emt 0:00:38]} Nf4 {[%emt 0:00:30]} 29. Qxc7+ {[%emt 0:00:17]} Kh6 {[%emt 0:00:02]} 30. Qxf4 {[%emt 0:00:23]} gxf4 {[%emt 0:00:03]} 31. Rd3 {[%emt 0:00:19]} Qf5 {[%emt 0:00:12]} 32. Ne1 {[%emt 0:00:25]} Qa5 {[%emt 0:00:34]} 33. Nf3 {[%emt 0:02:45]} Qxa2 {[%emt 0:00:09]} 34. Nd2 {[%emt 0:00:23]} Qc2 {[%emt 0:00:12]} 35. Rd6 {[%emt 0:00:26]} Kg7 {[%emt 0:00:42]} 36. Kg2 {[%emt 0:00:23]} Qc7 {[%emt 0:00:19]} 37. Ne4 {[%emt 0:01:05]} f5 {[%emt 0:02:49]} 38. Nf6 {[%emt 0:00:05]} f3+ {[%emt 0:00:06]} 39. Kh3 {[%emt 0:00:11]} Qf7 {[%emt 0:00:07]} 0-1

[Event "37th Andorra Open 2019"]
[Site "Caldea"]
[Date "2019.08.02"]
[Round "7.3"]
[White "Fedorchuk, Sergey A."]
[Black "Narciso Dublan, Marc"]
[Result "0-1"]
[WhiteElo "2633"]
[BlackElo "2489"]
[Annotator "TA"]
[PlyCount "72"]
[EventDate "2018.07.21"]
[EventType "swiss"]
[EventCountry "AND"]
[SourceTitle "playchess.com"]
[Source "ChessBase"]
[SourceQuality "1"]

{[%evp 9,72,0,-10,-35,-24,-57,-48,-51,-49,-45,-50,-54,-43,-50,-44,-97,-93,-84,-30,-34,-29,-15,-41,-131,-113,-117,-91,-126,-107,-163,-150,-143,-129,-167,-149,-144,-143,-151,-141,-191,-187,-213,-190,-291,-184,-303,-221,-394,-395,-445,-478,-472,-448,-516,-506,-481,-466,-487,-487,-1058,-1047,-1468,-1437,-1552,-1519]} 1. e4 c6 2. d4 d5 3. e5 c5 4. dxc5 e6 5. c3 (5. a3 Nc6 6. Nf3 Bxc5 7. b4 Bb6 8. b5 Nb8 9. Bb2 a6 10. a4 Nh6 11. Be2 axb5 12. axb5 Rxa1 13. Bxa1 {1-0 (40) Grischuk,A (2771)-Navara,D (2739) Shamkir 2019}) 5... Nc6 6. b4 $146 {B12: Caro-Kann: Advance Variation} ({Predecessor:} 6. Be3 Nxe5 7. Nd2 Nf6 8. Be2 Be7 9. b4 O-O 10. f4 Nc6 11. Ngf3 Ng4 12. Bg1 Bf6 {½-½ (67) Tudela Corbalan,C (2189)-Cervello Tost,F (2141) Linares 2014}) 6... Nxe5 7. Bf4 Ng6 8. Bg3 {Black is slightly better.} Nf6 9. Nd2 Bd7 10. h4 b6 11. h5 Ne7 12. h6 (12. cxb6 $15 axb6 13. Bd3) 12... bxc5 13. bxc5 Qa5 (13... gxh6 $17 14. Bd3 Ng6) 14. Be5 $11 {And now hxg7 would win.} Ng6 ({Reject} 14... Qxc5 $6 15. Qf3 $14) 15. Nb3 Qa4 16. Bd4 (16. Nf3 $15) 16... e5 $17 17. Be3 gxh6 $1 18. Nf3 Bg7 $1 $36 {[%mdl 2048] White is under strong pressure.} 19. Bxh6 (19. c4 $17 {was worth a try.}) 19... Bxh6 $19 20. Rxh6 {next Nxe5! is good for White.} O-O 21. Be2 Ng4 22. Rh1 {[#]} Nf4 $1 {[%cal Rf4g2]} 23. Nh4 f5 24. Qd2 Rf7 25. f3 Nf6 26. Bd1 (26. g3 $142 N4h5 27. Kf2) 26... Qa6 27. Bc2 (27. Be2 $142 Qa4 28. g3) 27... Rg7 28. Rh2 $2 (28. Nc1 {only move.}) 28... N6h5 ({Weaker is} 28... Rg5 {[#]} 29. g3 $1 $17 {[%mdl 512]}) 29. c6 Ng3 {[%csl Gg3][%cal Ra6f1] Black is clearly winning.} 30. O-O-O Qxc6 31. Kb2 Rc8 32. Re1 Qd6 33. Qe3 e4 34. Rd1 (34. fxe4 $142 fxe4 35. Nd4) 34... Nfe2 35. f4 Nxc3 36. Rd2 Nf1 {[%mdl 64] Double Attack. Accuracy: White = 37%, Black = 79%.} 0-1

[Event "37th Andorra Open 2019"]
[Site "Caldea"]
[Date "2019.08.02"]
[Round "7.4"]
[White "Peralta, Fernando"]
[Black "Riff, Jean-Noel"]
[Result "1/2-1/2"]
[WhiteElo "2562"]
[BlackElo "2495"]
[Annotator "ChessBase"]
[PlyCount "68"]
[EventDate "2018.07.21"]
[EventType "swiss"]
[EventCountry "AND"]
[SourceTitle "playchess.com"]
[Source "ChessBase"]
[SourceQuality "1"]
[TimeControl "40/5400+30:1800+30"]

1. d4 {[%emt 0:00:00]} d5 {[%emt 0:00:00]} 2. c4 {[%emt 0:00:00]} e6 {[%emt 0:00:00]} 3. Nc3 {[%emt 0:00:47]} Be7 {[%emt 0:00:00]} 4. Nf3 {[%emt 0:00:50]} Nf6 {[%emt 0:00:00]} 5. Bg5 {[%emt 0:00:09]} h6 {[%emt 0:00:00]} 6. Bh4 {[%emt 0:00:26]} O-O {[%emt 0:00:12]} 7. e3 {[%emt 0:00:26]} Nbd7 {[%emt 0:02:21]} 8. Rc1 {[%emt 0:00:33]} c5 {[%emt 0:00:13]} 9. dxc5 {[%emt 0:02:08]} dxc4 {[%emt 0:01:50]} 10. c6 {[%emt 0:00:24]} bxc6 {[%emt 0:00:08]} 11. Bxc4 {[%emt 0:00:04]} Nd5 {[%emt 0:06:44]} 12. Bxe7 {[%emt 0:00:51]} Qxe7 {[%emt 0:00:06]} 13. O-O {[%emt 0:01:28]} Bb7 {[%emt 0:10:22]} 14. e4 {[%emt 0:09:04]} Nxc3 {[%emt 0:07:26]} 15. Rxc3 {[%emt 0:00:26]} c5 {[%emt 0:00:03]} 16. Qc2 {[%emt 0:01:05]} Rfd8 {[%emt 0:01:49]} 17. Rc1 {[%emt 0:10:47]} Rac8 {[%emt 0:03:42]} 18. Bf1 {[%emt 0:01:13]} Nf6 {[%emt 0:04:33]} 19. Re1 {[%emt 0:00:14]} Qd7 {[%emt 0:10:05]} 20. h3 {[%emt 0:07:54]} Qc6 {[%emt 0:04:26]} 21. Nd2 {[%emt 0:10:58]} Rxd2 {[%emt 0:03:51]} 22. Qxd2 {[%emt 0:00:11]} Nxe4 {[%emt 0:00:02]} 23. Rxe4 {[%emt 0:00:33]} Qxe4 {[%emt 0:00:02]} 24. Rxc5 {[%emt 0:00:29]} Rf8 {[%emt 0:04:36]} 25. Rc7 {[%emt 0:04:35]} Bd5 {[%emt 0:01:43]} 26. b4 {[%emt 0:18:39]} Qe5 {[%emt 0:08:21]} 27. Qc3 {[%emt 0:17:35]} Qxc3 {[%emt 0:00:16]} 28. Rxc3 {[%emt 0:00:05]} Bxa2 {[%emt 0:00:06]} 29. Ra3 {[%emt 0:00:10]} Bd5 {[%emt 0:00:06]} 30. Rxa7 {[%emt 0:01:38]} Rb8 {[%emt 0:00:54]} 31. b5 {[%emt 0:00:39]} Kf8 {[%emt 0:00:03]} 32. f3 {[%emt 0:01:50]} Rb7 {[%emt 0:03:07]} 33. Ra1 {[%emt 0:02:42]} Ke7 {[%emt 0:00:09]} 34. Kf2 {[%emt 0:00:47]} Ke8 {[%emt 0:00:22]} 1/2-1/2

[Event "37th Andorra Open 2019"]
[Site "Caldea"]
[Date "2019.08.02"]
[Round "7.5"]
[White "Garcia Martin, Marta"]
[Black "Kharitonov, Alexandr"]
[Result "1/2-1/2"]
[WhiteElo "2335"]
[BlackElo "2540"]
[Annotator "ChessBase"]
[PlyCount "34"]
[EventDate "2018.07.21"]
[EventType "swiss"]
[EventCountry "AND"]
[SourceTitle "playchess.com"]
[Source "ChessBase"]
[SourceQuality "1"]
[TimeControl "40/5400+30:1800+30"]

1. e4 {[%emt 0:00:00]} c6 {[%emt 0:05:44]} 2. d4 {[%emt 0:00:09]} d5 {[%emt 0:00:07]} 3. exd5 {[%emt 0:01:30]} cxd5 {[%emt 0:00:07]} 4. Bd3 {[%emt 0:00:04]} Nc6 {[%emt 0:00:21]} 5. c3 {[%emt 0:00:04]} Qc7 {[%emt 0:00:36]} 6. Ne2 {[%emt 0:00:26]} Bg4 {[%emt 0:00:32]} 7. O-O {[%emt 0:00:44]} e6 {[%emt 0:00:30]} 8. Qe1 {[%emt 0:00:49]} Nf6 {[%emt 0:03:31]} 9. f3 {[%emt 0:13:15]} Bh5 {[%emt 0:00:15]} 10. Qh4 {[%emt 0:00:36]} h6 {[%emt 0:00:08]} 11. Qh3 {[%emt 0:19:41]} Bd6 {[%emt 0:01:30]} 12. Ng3 {[%emt 0:15:28]} Bxg3 {[%emt 0:01:37]} 13. Qxg3 {[%emt 0:00:28]} Qxg3 {[%emt 0:01:28]} 14. hxg3 {[%emt 0:00:04]} Bg6 {[%emt 0:05:20]} 15. Bxg6 {[%emt 0:09:12]} fxg6 {[%emt 0:00:15]} 16. Nd2 {[%emt 0:00:09]} Kf7 {[%emt 0:02:09]} 17. Nb3 {[%emt 0:02:08]} b6 {[%emt 0:06:58]} 1/2-1/2

[Event "37th Andorra Open 2019"]
[Site "Caldea"]
[Date "2019.08.02"]
[Round "7.6"]
[White "Rychagov, Andrey"]
[Black "Henderson de La Fuente, Lance"]
[Result "1/2-1/2"]
[WhiteElo "2537"]
[BlackElo "2471"]
[Annotator "TA"]
[PlyCount "127"]
[EventDate "2018.07.21"]
[EventType "swiss"]
[EventCountry "AND"]
[SourceTitle "playchess.com"]
[Source "ChessBase"]
[SourceQuality "1"]

{[%evp 11,127,0,19,17,14,19,21,16,12,27,23,22,20,19,22,12,27,20,49,48,55,55,85,48,97,94,95,94,102,100,113,106,100,39,34,28,41,22,78,83,91,82,87,82,113,108,129,118,123,108,99,102,103,107,112,113,108,108,137,148,143,151,337,165,167,145,157,95,188,66,75,72,75,54,56,56,64,63,57,57,110,98,100,57,57,29,22,0,0,0,40,0,0,0,30,30,30,30,37,30,37,3,3,3,1,0,0,0,0,0,0,0,0,0,0,0,5,0]} 1. d4 Nf6 2. c4 e6 3. Nf3 b6 4. g3 Ba6 5. Qb3 Nc6 6. Nbd2 Na5 7. Qc3 {E15: Queen's Indian: 4 g3 sidelines, 4 g3 Ba6 and 4 g3 Bb7 early deviations} c5 8. dxc5 $1 bxc5 9. e4 Bb7 10. e5 Ne4 11. Nxe4 Bxe4 12. Bg2 Be7 13. O-O O-O 14. Qe3 {[#]} Bxf3 $146 ({Predecessor:} 14... Bf5) 15. Bxf3 Rb8 16. b3 f6 17. Bd2 fxe5 18. Rad1 Nb7 19. Bc3 Nd6 20. Bg4 e4 21. Be5 Rb6 22. Bxd6 (22. Qxc5 $16 {[%cal Re5d6]} Nf7 23. Qc7) 22... Bxd6 $14 23. Qxe4 Be7 24. Qd3 Rb7 (24... Rd6 $11 {keeps the balance.} 25. Qe3 Rc6) 25. Qe3 $16 Rf6 26. Rd3 Qe8 27. f4 Bf8 28. f5 Qf7 29. Rfd1 g6 30. fxe6 dxe6 31. Rd8 h5 32. Bh3 Kh7 33. Bg2 Rc7 34. Be4 $36 {[%mdl 2048] White is really pushing.} Be7 35. R8d7 Rxd7 36. Rxd7 Rf1+ 37. Kg2 {[#] Threatens to win with Rxe7!} Ra1 {[%csl Ga1][%cal Rf7f1]} 38. Qe2 {Qxh5+ is the strong threat.} h4 39. gxh4 (39. Rxa7 $142 Qf6 40. a4) 39... Kg8 (39... Qf6 $16) 40. Bf3 (40. Rxa7 $18 {And now Bd3 would win.} Qf6 41. Bd3) 40... Qf6 41. Rxa7 Rb1 {[#] Hoping for ...Rb2.} 42. Rd7 Rb2 43. Rd2 Rxd2 44. Qxd2 Qxh4 45. a4 Bg5 ({Black should play} 45... Bd8 $14) 46. Qd3 Kf7 47. Qd7+ Be7 48. h3 Qe1 49. Bg4 Qe4+ 50. Kf1 Qb1+ 51. Ke2 Qb2+ 52. Kf1 Qxb3 53. Qxe6+ Kf8 54. a5 {Strongly threatening a6.} Qb1+ 55. Qe1 Qb7 56. Qc3 {With the idea Qf3+.} Qh1+ {The position is equal.} 57. Ke2 Qg2+ 58. Kd1 {Black must now prevent Bf3.} Qf1+ 59. Kc2 {aiming for a6.} Bf6 60. Qd3 Qa1 61. Qd6+ Kg7 62. Qd7+ Kh6 63. Qd2+ Kg7 64. Qd7+ {Accuracy: White = 51%, Black = 63%.} 1/2-1/2

[Event "37th Andorra Open 2019"]
[Site "Caldea"]
[Date "2019.08.02"]
[Round "7.7"]
[White "Thybo, Jesper Sondergaard"]
[Black "Ochsner, Bjorn Moller"]
[Result "1-0"]
[WhiteElo "2528"]
[BlackElo "2483"]
[Annotator "ChessBase"]
[PlyCount "83"]
[EventDate "2018.07.21"]
[EventType "swiss"]
[EventCountry "AND"]
[SourceTitle "playchess.com"]
[Source "ChessBase"]
[SourceQuality "1"]
[TimeControl "40/5400+30:1800+30"]

1. d4 {[%emt 0:00:00]} Nf6 {[%emt 0:00:00]} 2. c4 {[%emt 0:00:00]} g6 {[%emt 0:00:00]} 3. Nc3 {[%emt 0:00:00]} Bg7 {[%emt 0:00:00]} 4. e4 {[%emt 0:00:00]} d6 {[%emt 0:00:00]} 5. Nf3 {[%emt 0:00:00]} O-O {[%emt 0:00:02]} 6. Be2 {[%emt 0:00:00]} e5 {[%emt 0:00:19]} 7. O-O {[%emt 0:00:20]} Nc6 {[%emt 0:00:07]} 8. d5 {[%emt 0:00:06]} Ne7 {[%emt 0:00:05]} 9. Bg5 {[%emt 0:00:12]} Nd7 {[%emt 0:11:46]} 10. Nd2 {[%emt 0:02:52]} a5 {[%emt 0:04:52]} 11. a3 {[%emt 0:02:12]} h6 {[%emt 0:15:00]} 12. Be3 {[%emt 0:01:03]} c5 {[%emt 0:02:29]} 13. f3 {[%emt 0:12:14]} Kh7 {[%emt 0:15:49]} 14. Nb5 {[%emt 0:05:19]} Nf6 {[%emt 0:05:59]} 15. b4 {[%emt 0:02:58]} b6 {[%emt 0:00:27]} 16. bxc5 {[%emt 0:03:13]} bxc5 {[%emt 0:00:47]} 17. f4 {[%emt 0:04:49]} exf4 {[%emt 0:00:55]} 18. Bxf4 {[%emt 0:00:10]} Ne8 {[%emt 0:00:47]} 19. Rb1 {[%emt 0:01:21]} f5 {[%emt 0:12:31]} 20. Bg3 {[%emt 0:11:06]} fxe4 {[%emt 0:01:11]} 21. Rxf8 {[%emt 0:01:18]} Bxf8 {[%emt 0:00:02]} 22. Nxe4 {[%emt 0:01:11]} Nf5 {[%emt 0:01:33]} 23. Bf2 {[%emt 0:01:19]} Nf6 {[%emt 0:02:42]} 24. Nxf6+ {[%emt 0:04:59]} Qxf6 {[%emt 0:00:07]} 25. g4 {[%emt 0:00:50]} Ng7 {[%emt 0:06:53]} 26. Bg3 {[%emt 0:01:14]} Ne8 {[%emt 0:07:04]} 27. Qc2 {[%emt 0:06:32]} Be7 {[%emt 0:03:39]} 28. Rf1 {[%emt 0:01:04]} Qg7 {[%emt 0:00:29]} 29. h3 {[%emt 0:08:37]} Ra6 {[%emt 0:02:15]} 30. Bd3 {[%emt 0:01:11]} Bf6 {[%emt 0:02:17]} 31. Qe2 {[%emt 0:03:51]} Bd7 {[%emt 0:00:51]} 32. Qe4 {[%emt 0:05:37]} Rb6 {[%emt 0:02:23]} 33. h4 {[%emt 0:02:19]} Be5 {[%emt 0:00:44]} 34. Bxe5 {[%emt 0:01:52]} dxe5 {[%emt 0:00:03]} 35. h5 {[%emt 0:00:09]} Kh8 {[%emt 0:02:22]} 36. hxg6 {[%emt 0:00:25]} Bxb5 {[%emt 0:00:15]} 37. Rf7 {[%emt 0:11:43]} Nd6 {[%emt 0:00:02]} 38. Rxg7 {[%emt 0:00:05]} Nxe4 {[%emt 0:00:05]} 39. Rh7+ {[%emt 0:00:02]} Kg8 {[%emt 0:00:05]} 40. cxb5 {[%emt 0:00:00]} Nf6 {[%emt 0:00:00]} 41. Rc7 {[%emt 0:03:11]} Nxg4 {[%emt 0:03:53]} 42. Bf5 {[%emt 0:01:42]} 1-0